| 000 | 00456cam a2200181ua 4500 | ||
|---|---|---|---|
| 020 | _a0-07-113310-0 | ||
| 041 |
_aeng _h |
||
| 082 |
_a532.54 _bFRE/OP |
||
| 100 | _aFrench, Richard H . | ||
| 245 |
_aOpen-channel hydraulics / _cRichard H French. _hTextual Documents |
||
| 250 |
_a1 / _b. |
||
| 260 |
_aNew York : _bMcGraw Hill Book Company , _c1985. |
||
| 300 | _a739 ; . | ||
| 504 | _a | ||
| 942 | _cBK | ||
| 999 |
_c7475 _d7475 |
||